Statistiken für Länder mit dem größten BIP pro Kopf

Klicken Sie hier um das Quiz zu spielen!

Allgemein

  • Dieses Quiz wurde 59 mal gespielt
  • Das Durchschnittsergebnis liegt bei 10 aus 15

Antwortstatistiken

BIP pro Kopf in $Land% Korrekt
76.343Vereinigte Staaten
94%
126.598Luxemburg
85%
55.037Kanada
83%
105.826Norwegen
83%
56.188Schweden
83%
93.657Schweiz
81%
68.295Dänemark
76%
64.814Australien
67%
74.591Island
65%
57.428Niederlande
65%
103.311Irland
63%
83.521Katar
63%
82.808Singapur
63%
52.447San Marino
41%
54.337Israel
31%

Verteilung der Resultate

Perzentil nach korrekt beantworteten Fragen

Anzahl Personen mit jedem Resultat

Ihre Resultats-Entwicklung

Sie haben dieses Quiz noch nicht gespielt